La Joventut avui a Catalunya : 1981 / l'Equip BS, responsable, Pere Bordes Roca 1981 / l'Equip BS, responsable, Pere Bordes Roca
Descripción Física:
101 p. ; 21 cm
Otros Autores:
Bordes Roca, Pere
MARC
| LEADER | 00000nam a2200000Ia 4500 | ||
|---|---|---|---|
| 001 | 1440 | ||
| 003 | BGR | ||
| 005 | 20260324175636.0 | ||
| 008 | 160829s1981 xx 000 0 cat d | ||
| 080 | |a S-1-132 | ||
| 110 | 2 | |a Equip BS |9 70762 | |
| 245 | |a La Joventut avui a Catalunya : |b 1981 / l'Equip BS, responsable, Pere Bordes Roca | ||
| 260 | |a Barcelona : |b Generalitat de Catalunya, Departament de la Presidència, |c 1981 | ||
| 300 | |a 101 p. ; |c 21 cm | ||
| 490 | |a Publicacions del Consell Nacional de la Joventut de Catalunya ; 2 | ||
| 650 | 0 | |a Joventut |z Catalunya |9 18952 | |
| 650 | |a Joves |x Aspectes socials |x Catalunya |9 31498 | ||
| 700 | |a Bordes Roca, Pere |9 36280 | ||
| 710 | |a Catalunya. |b Departament de la Presidència |9 10777 | ||
| 901 | |a Arxiu | ||
| 942 | |n 1 |2 udc |c MON | ||
| 952 | |0 0 |1 0 |4 0 |6 S1132 |7 1 |9 47270 |a Arxiu |b Arxiu |d 2016-12-01 |l 0 |o S-1-132 |p 1440 |r 2016-12-01 00:00:00 |w 2016-12-01 |y ARXIU | ||
| 999 | |c 51067 |d 51067 | ||